|
|
|
|
| LEADER |
00000naa a2200000uu 4500 |
| 001 |
vtls011081387 |
| 003 |
SK-MaSNL |
| 005 |
20260302112357.0 |
| 008 |
210909|1995 xo |||||||||||||||||slo| |
| 015 |
|
|
|a SNBRA
|
| 035 |
|
|
|a (urnnbn)urn:nbn:sk:snk:ar-a0cisp
|
| 035 |
|
|
|a (uuid)2ecfb1cf-bd5a-44bf-b60a-40b82b4bc9df
|
| 035 |
|
|
|a urn:nbn:sk:snk-aavosd
|
| 040 |
|
|
|a SNKBUCL
|b slo
|c SNKBUCL
|e AACR2
|
| 041 |
0 |
|
|a slo
|
| 044 |
|
|
|a xo
|c SK
|
| 100 |
1 |
|
|a Feriancová, Ľubica,
|d 1954-
|4 aut
|9 194887
|
| 245 |
1 |
0 |
|a ZÁSADY VÝBERU DREVÍN PRE VEGETAČNÉ ÚPRAVY ŠKOLSKÝCH OBJEKTOV
|c Ľubica Feriancová
|
| 773 |
0 |
|
|t Výsledky botanických záhrad a arborét pri záchrane domácej flóry ; 2. dendrologické dni
|d Zvolen : Technická univerzita, 1995
|g S. 248-256
|z 8022804657
|
| 958 |
|
|
|a OND
|
| 958 |
|
|
|a article12
|
| 958 |
|
|
|a chapter
|
| 999 |
|
|
|c 1251521
|d 1253451
|